LEADER 01110nam a2200241 4500 001 000000331343 003 CaOOAMICUS 005 20200316164301.0 008 181122s1961 it a 000 u ita r 040 $aSeMil$bita 245 10$aAndrea Mantegna /$ccatalogo della mostra a cura di Giovanni Paccagnini ; con la collaborazione di Amalia Mezzetti e Maria Figlioli. 250 $a3. Ed. 264 1$aMantova :$bComitato della Mostra di Andrea Mantegna,$c1961. 300 $aXLII, 219 p., 170 carte di tav. :$bill. ;$c24 cm 600 14$aMantegna, Andrea.$0(OLS)http://semarc/subject/10696 700 1 $aMezzetti, Amalia,$ecollaboratore.$0(OLS)http://semarc/name/108549 700 1 $aFiglioli, Maria,$ecollaboratore.$0(OLS)http://semarc/name/108550 850 $aSeMil 852 $aSeMil$W1$xVenegono$y1$m5W VII 147$j220368$B231026$CSeMilBibl$Z2$F231026 $81 961 $aOmaggio: Lorenzi don Ugo 996 $6245$aAndrea Mantegna$9(OLS)http://semarc/title/141196 996 $6264$aMantova :$bComitato della Mostra di Andrea Mantegna$9(OLS)http://semarc/publisher/58026 LEADER 01158nam a2200277 i 4500 001 000000171483 003 CaOOAMICUS 005 20080519000000.0 008 080519s1970 it u000 u ita u 013 $a148914 040 $aSeMil$bita 100 1 $aCantoni, Remo,$d<1914-1978>.$0(OLS)http://semarc/name/8141 240 00$aChe cosa ha veramente detto.$0(OLS)http://semarc/title/245294 245 10$aChe cosa ha veramente detto Kafka /$cR. Cantoni. 260 $aRoma :$bUbaldini,$ccopyr. 1970. 300 $a205 p. ;$c19 cm. 490 0 $aChe cosa hanno veramente detto [Ubaldini]$ ;$v27. 500 $aContiene : Nota bibliografica. - Fondo Card. Giovanni Colombo. 600 14$aKafka, Franz <1883-1924>.$0(OLS)http://semarc/subject/8819 830 0$aChe cosa hanno veramente detto ;$v27.$0(OLS)http://semarc/title/17477 850 $aSeMil 852 $aSeMil$W1$xVenegono$y1$m1D I 199$j122352$B122352$CSeMilBibl$Z2$F134168 $81 941 1 $a3 961 $aLascito: Colombo Card. Giovanni 996 $6245$aChe cosa ha veramente detto Kafka$9(OLS)http://semarc/title/245332 996 $6260$aRoma :$bUbaldini$9(OLS)http://semarc/publisher/31419